| 000 | 00668nam a22002177a 4500 | ||
|---|---|---|---|
| 005 | 20130701164310.0 | ||
| 010 | _aB-508928-929 | ||
| 020 |
_a9788131716557 _c640.00 |
||
| 035 | _aB-508928-929 | ||
| 037 |
_adpl _bKBD/Ven |
||
| 082 | _a338.5 | ||
| 100 | _aGravelle, H. | ||
| 245 |
_aMicroeconomics/ _cby H.Gravelle and R.Rees |
||
| 250 | _a3rd | ||
| 260 |
_aNew Delhi _bPearson _c2012 |
||
| 270 |
_a11 Commu8nity Centre, Panchsheel Park _bNew Delhi _e110017 |
||
| 300 |
_a748p. _c23cm(pbk) |
||
| 700 | _dRees, R. | ||
| 942 |
_2ddc _cEN _h338.5 _mGRA |
||
| 999 |
_c77110 _d77110 |
||